Investigating the social world : (Record no. 850)
[ view plain ]
| 000 -LEADER | |
|---|---|
| fixed length control field | 02026nam a22003137a 4500 |
| 001 - CONTROL NUMBER | |
| control field | 16886950 |
| 005 - DATE AND TIME OF LATEST TRANSACTION | |
| control field | 20231120110601.0 |
| 008 - FIXED-LENGTH DATA ELEMENTS--GENERAL INFORMATION | |
| fixed length control field | 231120b |||||||| |||| 00| 0 eng d |
| 010 ## - LIBRARY OF CONGRESS CONTROL NUMBER | |
| LC control number | 2011031279 |
| 020 ## - INTERNATIONAL STANDARD BOOK NUMBER | |
| International Standard Book Number | 9781412999809 (pbk.) |
| 020 ## - INTERNATIONAL STANDARD BOOK NUMBER | |
| International Standard Book Number | 1412999804 (pbk.) |
| 020 ## - INTERNATIONAL STANDARD BOOK NUMBER | |
| International Standard Book Number | 9781412999816 (pbk. w/SPSS CD) |
| 020 ## - INTERNATIONAL STANDARD BOOK NUMBER | |
| International Standard Book Number | 1412999812 (pbk. w/SPSS CD) |
| 040 ## - CATALOGING SOURCE | |
| Original cataloging agency | DLC |
| Transcribing agency | DLC |
| Modifying agency | YDX |
| Description conventions | rda |
| 050 00 - LIBRARY OF CONGRESS CALL NUMBER | |
| Classification number | HN 29 |
| 100 1# - MAIN ENTRY--PERSONAL NAME | |
| Personal name | Schutt, Russell K. |
| 245 10 - TITLE STATEMENT | |
| Title | Investigating the social world : |
| Remainder of title | the process and practice of research / |
| Statement of responsibility, etc. | Russell K. Schutt. |
| 250 ## - EDITION STATEMENT | |
| Edition statement | 7th ed. |
| 260 ## - PUBLICATION, DISTRIBUTION, ETC. | |
| Place of publication, distribution, etc. | Thousand Oaks, Calif. : |
| Name of publisher, distributor, etc. | Sage Publications, |
| Date of publication, distribution, etc. | c2012. |
| 300 ## - PHYSICAL DESCRIPTION | |
| Extent | xxiv, 618 p. : |
| Other physical details | ill. (some col.) ; |
| Dimensions | 26 cm. |
| 504 ## - BIBLIOGRAPHY, ETC. NOTE | |
| Bibliography, etc. note | Includes bibliographical references and index. |
| 505 0# - FORMATTED CONTENTS NOTE | |
| Formatted contents note | Science, society, and social research -- The process and problems of social research -- Research ethics and philosophies -- Conceptualization and measurement -- Sampling -- Research design and causation -- Experiments -- Survey research -- Qualitative methods -- Qualitative data analysis -- Evaluation and policy research -- Historical and comparative research -- Secondary data analysis and content analysis -- Quantitative data analysis -- Summarizing and reporting research -- Appendix A: Questions to ask about a research article -- Appendix B: How to read a research article -- Appendix C: Table of random numbers. |
| 520 ## - SUMMARY, ETC. | |
| Summary, etc. | "A comprehensive, balanced text text for Research Methods courses found in Sociology, Communication/Journalism, Political Science, Public Administration, and other social science disciplines. It is used in undergraduate through graduate level courses"--Provided by publisher. |
| 650 #0 - SUBJECT ADDED ENTRY--TOPICAL TERM | |
| Topical term or geographic name entry element | Social problems |
| General subdivision | Research. |
| 650 #0 - SUBJECT ADDED ENTRY--TOPICAL TERM | |
| Topical term or geographic name entry element | Social sciences |
| General subdivision | Research. |
| 906 ## - LOCAL DATA ELEMENT F, LDF (RLIN) | |
| a | 7 |
| b | cbc |
| c | orignew |
| d | 1 |
| e | ecip |
| f | 20 |
| g | y-gencatlg |
| 942 ## - ADDED ENTRY ELEMENTS (KOHA) | |
| Source of classification or shelving scheme | Library of Congress Classification |
| Koha item type | Non-Fiction |
| Suppress in OPAC | No |
| Withdrawn status | Lost status | Source of classification or shelving scheme | Damaged status | Not for loan | Collection | Home library | Current library | Shelving location | Date acquired | Source of acquisition | Total Checkouts | Full call number | Barcode | Date last seen | Price effective from | Koha item type |
|---|---|---|---|---|---|---|---|---|---|---|---|---|---|---|---|---|
| Library of Congress Classification | Non-fiction | Kapasa Makasa University | Kapasa Makasa University | Open Access | 20.11.2023 | Book Aid International | HN 29 Sch | 748949 | 20.11.2023 | 20.11.2023 | Non-Fiction | |||||
| Library of Congress Classification | Non-fiction | Kapasa Makasa University | Kapasa Makasa University | Open Access | 20.11.2023 | Book Aid International | HN 29 Sch | 748950 | 20.11.2023 | 20.11.2023 | Non-Fiction |